000
00272nam a2200121 a 4500
008
090929s1977|||| d
100
1
_a
Alexejevič, S.
245
1
0
_a
Dekabristi
260
_b
Mladé letá
_a
Bratislava
_c
1977
020
_c
22
041
_a
slo
044
_a
xo
_c
SK
999
_c
212
_d
212